Economía y desarrollo urbano en Centroamérica. Contexto regional /

Salvato in:
Dettagli Bibliografici
Autore principale: Lungo Uclés, Mario
Altri autori: coord, Polése, Mario
Natura: Sconosciuto
Pubblicazione: San José: FLACSO. Programa Costa Rica
Soggetti:
Tags: Aggiungi Tag
Nessun Tag, puoi essere il primo ad aggiungerne!!

MARC

LEADER 00000 a2200000 04500
001 11805
003
008 991231s d
040
090 |a 140801  
100 |a Lungo Uclés, Mario  
245 |a Economía y desarrollo urbano en Centroamérica. Contexto regional /  |c Mario Lungo Uclés 
260 |a San José:   |b FLACSO. Programa Costa Rica  
300 |a 270 p.  
650 |a CIUDADES  
650 |a DESARROLLO URBANO  
650 |a EMPLEO  
650 |a DESARROLLO ECONOMICO  
650 |a CRECIMIENTO ECONOMICO  
650 |a EMPRESAS  
700 |a coord  
700 |a Polése, Mario  
700 |a coord  
999 |c 12634  |d 12634